000 00552nam a2200181 i 4500
001 104481
003 ES-MaACL
005 20230906183621.0
007 t|
008 051130s1960 sp ||||1| spa d
100 1 _aMillet i Bel, Salvador.
_981249
245 1 0 _aAcercamiento a Europa /
_cSalvador Millet i Bel.
260 _aBarcelona :
_bInstituto de Estudios Europeos,
_c1960.
300 _a125 p. ;
_c21 cm.
710 2 _aInstituto de Estudios Europeos.
_94900
852 _aES-MaACL
_jC-18269
_bR.46710
852 _aES-MaACL
_jC-18879
_bR.46165
999 _c104481
_d104481